Word Ladder: Rub-A-Dub-Dub! Quiz Stats

 Plays Quiz Updated Jan 21, 2015

Challenge
Share
Tweet
Embed
Score 0/27 Timer 03:00
1 Play Today
Clue 4-Letter Word % Correct
πŸ’¦ Where you wash your hands πŸ’¦SINK
97.3%
'___ and needles'PINS
96.5%
πŸ’¦ Use this in shower, or Dove, e.g. πŸ’¦SOAP
96.1%
A combination of red and whitePINK
95.9%
Chickens live hereCOOP
94.6%
A high shoe which can be used in the rainBOOT
94.4%
Animated character: Betty ____BOOP
94.4%
Chicken noodle or french onionSOUP
94.4%
A water-travel deviceBOAT
93.1%
Immoral actsSINS
93%
Large constrictor snakesBOAS
92.7%
Beneath your armsPITS
91.7%
A sudden seizure of power from the governmentCOUP
91.6%
Iver and JoviBONS
89.4%
Clue 4-Letter Word % Correct
ContainersBINS
89.3%
What you do to a lollipopSUCK
89.3%
πŸ’¦ Jacuzzi session πŸ’¦SOAK
87.4%
πŸ’¦ You may have one to clean yourself πŸ’¦BATH
87.1%
Softly hitsPATS
85.3%
A direction of choice or a paved roadPATH
84.8%
MelodyTUNE
83.5%
Nonmatching item, maybeSOCK
82.7%
Basketball jamDUNK
79.4%
πŸ’¦ A favorite of Ernie from Sesame Street πŸ’¦DUCK
79.2%
Toothpaste holderTUBE
78.6%
Wind-swept hillDUNE
76%
πŸ’¦ Big basins to take a [rung 1] πŸ’¦TUBS
73.1%

Today's Daily Dose

You're not logged in!

Compare scores with friends on all Sporcle quizzes.
Join for Free
OR
Log In

You Might Also Like...

Show Comments

Extras

Top Quizzes Today


Score Distribution

Your Account Isn't Verified!

In order to create a playlist on Sporcle, you need to verify the email address you used during registration. Go to your Sporcle Settings to finish the process.

Report this User

Report this user for behavior that violates our Community Guidelines.

Details: